Acta Facultatis Iuridicae Universitatis Comenianae

Na minha lista:
Detalhes bibliográficos
Autor Corporativo: Univerzita Komenského v Bratislave. Právnická fakulta
Formato: Livro
Idioma:eslovaco
inglês
alemão
Publicado em: Bratislava Univerzita Komenského v Bratislave 1995
Assuntos:
Tags: Adicionar Tag
Sem tags, seja o primeiro a adicionar uma tag!

MARC

LEADER 00000nam a2200000 4500
001 c100889
005 20250813095224.5
020 |a 80-223-0917-6 
041 0 |a slo 
041 0 |a eng 
041 0 |a ger 
044 |a SK 
245 1 0 |a Acta Facultatis Iuridicae Universitatis Comenianae  |c [zostavovateľ Mojmír Mamojka] 
264 1 |a Bratislava  |b Univerzita Komenského v Bratislave  |c 1995 
300 |a 250 s. 
610 2 0 |a právo 
610 2 0 |a úpravy právne 
610 2 0 |a hospodárstvo trhové 
610 2 0 |a inštitúcie verejnoprávne 
610 2 0 |a zmluvy o dielo 
610 2 0 |a ekonomika tieňová 
610 2 0 |a sektor verejný 
610 2 0 |a Slovensko 
710 2 |a Univerzita Komenského v Bratislave. Právnická fakulta